ბათუმის შოთა რუსთაველის სახელმწიფო უნივერსიტეტის ბიბლიოთეკა

Network Power: (ბიბ.ჩანაწერი № 64005)

000 -LEADER
fixed length control field 00656nam a22001817a 4500
005 - DATE AND TIME OF LATEST TRANSACTION
control field 20260306173508.0
008 - FIXED-LENGTH DATA ELEMENTS--GENERAL INFORMATION
fixed length control field 260306s1997 enk||||| |||| 00| 0 eng d
020 ## - INTERNATIONAL STANDARD BOOK NUMBER
International Standard Book Number 9780801433146x
041 ## - LANGUAGE CODE
Language code of text/sound track or separate title eng
080 ## - UNIVERSAL DECIMAL CLASSIFICATION NUMBER
Universal Decimal Classification number 327(520:5) N-46
245 ## - TITLE STATEMENT
Title Network Power:
Remainder of title Japan and Asia /
Statement of responsibility, etc. Etided by Peter J. Katzenstein, Takashi Shiraishi.
264 ## - PRODUCTION, PUBLICATION, DISTRIBUTION, MANUFACTURE, AND COPYRIGHT NOTICE
Place of production, publication, distribution, manufacture London :
Name of producer, publisher, distributor, manufacturer Cornell University Press,
Date of production, publication, distribution, manufacture, or copyright notice 1997.
300 ## - PHYSICAL DESCRIPTION
Extent 400 p.;
Other physical details 23 cm.
653 ## - INDEX TERM--UNCONTROLLED
keyword იაპონია და აზია
700 ## - ADDED ENTRY--PERSONAL NAME
Personal name Katzenstein, Peter J.
Relator term რედაქტორი
9 (RLIN) 26984
700 ## - ADDED ENTRY--PERSONAL NAME
Personal name Shiraishi, Takashi
Relator term რედაქტორი
9 (RLIN) 27078
942 ## - ADDED ENTRY ELEMENTS (KOHA)
Source of classification or shelving scheme
Koha item type წიგნი
ეგზემპლარები
Withdrawn status Lost status Source of classification or shelving scheme Damaged status Not for loan Permanent Location Current Location Shelving location Date acquired Cost, normal purchase price Full call number Barcode Date last seen Copy number Uniform Resource Identifier Price effective from Koha item type Public note
          ბათუმის შოთა რუსთაველის სახელმწიფო უნივერსიტეტის მთავარი ბიბლიოთეკა ბათუმის შოთა რუსთაველის სახელმწიფო უნივერსიტეტის მთავარი ბიბლიოთეკა წიგნსაცავი 2026-03-06 12.00 327(520:5) N-46 73884 2026-03-06 73884 იაპონიის ელჩის საჩუქარი 2026-03-06 წიგნი 12 ლ.